Statistics for AVIATION ACRONYMS

Click here to take the quiz!

General Stats

  • This quiz has been taken 390 times
  • The average score is 4 of 15

Answer Stats

HintAnswer% Correct
ATCAIR TRAFFIC CONTROL
87%
GPSGLOBAL POSITIONING SYSTEM
69%
ICAOINTERNATIONAL CIVIL AVIATION ORGANIZATION
45%
FMSFLIGHT MANAGEMENT SYSTEM
43%
DMEDISTANCE MEASURING EQUIPMENT
38%
GPWSGROUND PROXIMITY WARNING SYSTEM
37%
HAZMATHAZARDOUS MATERIALS
32%
ELTEMERGENCY LOCATOR TRANSMITTER
25%
IAFINITIAL APPROACH FIX
22%
IAPINSTRUMENT APPROACH PROCEDURE
14%
FCOMFLIGHT CREW OPERATING MANUAL
6%
ETOPSEXTENDED RANGE TWIN-ENGINE OPERATION PERFORMANCE STANDARDS
3%
ARTCCAIR ROUTE TRAFFIC CONTROL CENTERS
1%
FAAFEDERAL AVIATION AUTHORITHY
1%
IATAINERNATIONAL AIR TRANSPORT ASSCOCIATION
0%

Score Distribution

Percentile by Number Answered

Percent of People with Each Score

Your Score History

You have not taken this quiz